00754nam a2200205 a 450000100060000000300090000600800410001502000180005604000280007408200190010210000220012124500510014326000240019430001260021850500880034465000270043265000420045965000230050170000240052423926CO-ViMGA141112s2004 ck r 000 u spa d a9788449438462 aCO-ViMGAbspacCO-ViMGA04aI 371.382 N8381 aBiosca, Ana, cord10aNueva cajita de sorpresas / cAna Biosca, cord aEspaña : boceano a3v + 2 cd - rum + 1 juego de cartas + 1 tablero + cubilete con fichas y dados + 1 cuaderno de ejercicios + guia de juegos av.1.Expresion y lenguaje - - v.2Manualidades y didacticas - - v.3.Juegos educativos14a2 : TRABAJOS MANUALES 14a3 : ESPAÑOL - ESTUDIO Y ENSEÑANZA14aJUEGOS EDUCATIVOS 1 aPascual, Maria, il.